[Event "DVM U20w 2023"]
[Site "Magdeburg GER"]
[Date "2023.12.30"]
[Round "7"]
[White "Golden, Roshaniya"]
[Black "Margaryan, Mane"]
[Result "0-1"]
[Termination "normal"]
[Board "7.4"]
[WhiteElo "968"]
[BlackElo "1217"]
[WhiteClock "00:54:02"]
[BlackClock "00:07:42"]
[WhiteTeam "SK Münster 32"]
[BlackTeam "Elmshorner SC 1896"]
[PlyCount "86"]
[WhiteFideId "34681663"]
[BlackFideId "16268237"]
[EventCountry "GER"]
[EventRounds "7"]
[EventType "team-swiss"]
[EventDate "2023.12.26"]

1. e4 {[%clk 01:30:58]} {[%emt 00:00:02]} c5 {[%clk 01:30:56]} {[%emt
00:00:04]} 2. Nc3 {[%clk 01:31:22]} {[%emt 00:00:06]} e6 {[%clk 01:31:04]}
{[%emt 00:00:22]} 3. g3 {[%clk 01:31:43]} {[%emt 00:00:08]} d5 {[%clk
01:30:59]} {[%emt 00:00:36]} 4. exd5 {[%clk 01:32:05]} {[%emt 00:00:07]} exd5
{[%clk 01:31:24]} {[%emt 00:00:05]} 5. Bg2 {[%clk 01:32:28]} {[%emt 00:00:07]}
Nf6 {[%clk 01:31:22]} {[%emt 00:00:33]} 6. Nge2 {[%clk 01:31:39]} {[%emt
00:01:18]} Be6 {[%clk 01:29:42]} {[%emt 00:02:11]} 7. d3 {[%clk 01:30:45]}
{[%emt 00:01:24]} h6 {[%clk 01:24:50]} {[%emt 00:05:23]} 8. Nf4 {[%clk
01:29:52]} {[%emt 00:01:21]} Be7 {[%clk 01:22:57]} {[%emt 00:02:24]} 9. Nxe6
{[%clk 01:29:24]} {[%emt 00:00:57]} fxe6 {[%clk 01:23:06]} {[%emt 00:00:22]}
10. Bf4 {[%clk 01:28:31]} {[%emt 00:01:23]} Nc6 {[%clk 01:16:53]} {[%emt
00:06:43]} 11. Qe2 {[%clk 01:27:15]} {[%emt 00:01:40]} Nd4 {[%clk 01:13:10]}
{[%emt 00:04:18]} 12. Qd2 {[%clk 01:27:29]} {[%emt 00:00:17]} O-O {[%clk
01:11:26]} {[%emt 00:02:14]} 13. O-O {[%clk 01:26:58]} {[%emt 00:01:01]} a6
{[%clk 01:10:11]} {[%emt 00:01:45]} 14. Nd1 {[%clk 01:27:00]} {[%emt 00:00:28]}
Bd6 {[%clk 01:08:17]} {[%emt 00:02:24]} 15. Bxd6 {[%clk 01:25:38]} {[%emt
00:01:53]} Qxd6 {[%clk 01:08:41]} {[%emt 00:00:06]} 16. c3 {[%clk 01:25:43]}
{[%emt 00:00:24]} Nc6 {[%clk 01:06:05]} {[%emt 00:03:06]} 17. Bh3 {[%clk
01:25:05]} {[%emt 00:01:09]} b5 {[%clk 01:02:48]} {[%emt 00:03:48]} 18. Qe2
{[%clk 01:21:10]} {[%emt 00:04:24]} Rfe8 {[%clk 01:02:33]} {[%emt 00:00:45]}
19. Re1 {[%clk 01:20:38]} {[%emt 00:01:02]} e5 {[%clk 01:01:18]} {[%emt
00:01:45]} 20. Ne3 {[%clk 01:17:30]} {[%emt 00:03:38]} Rad8 {[%clk 00:56:24]}
{[%emt 00:05:24]} 21. Nf5 {[%clk 01:17:03]} {[%emt 00:00:58]} Qc7 {[%clk
00:54:01]} {[%emt 00:02:49]} 22. Qf3 {[%clk 01:15:50]} {[%emt 00:01:46]} Qf7
{[%clk 00:46:26]} {[%emt 00:08:04]} 23. c4 {[%clk 01:10:36]} {[%emt 00:05:46]}
Nd4 {[%clk 00:37:01]} {[%emt 00:09:53]} 24. Nxd4 {[%clk 01:09:56]} {[%emt
00:01:10]} exd4 {[%clk 00:35:35]} {[%emt 00:01:57]} 25. cxd5 {[%clk 01:06:45]}
{[%emt 00:03:41]} Nxd5 {[%clk 00:31:56]} {[%emt 00:04:09]} 26. Rxe8+ {[%clk
01:01:27]} {[%emt 00:05:48]} Rxe8 {[%clk 00:31:22]} {[%emt 00:01:05]} 27. Qxf7+
{[%clk 01:01:41]} {[%emt 00:00:17]} Kxf7 {[%clk 00:31:36]} {[%emt 00:00:15]}
28. Rc1 {[%clk 01:01:49]} {[%emt 00:00:20]} Nb4 {[%clk 00:28:09]} {[%emt
00:03:59]} 29. Rxc5 {[%clk 00:59:32]} {[%emt 00:02:47]} Nxd3 {[%clk 00:26:22]}
{[%emt 00:02:17]} 30. Rc7+ {[%clk 00:59:45]} {[%emt 00:00:17]} Re7 {[%clk
00:24:01]} {[%emt 00:02:51]} 31. Rxe7+ {[%clk 00:59:42]} {[%emt 00:00:32]} Kxe7
{[%clk 00:24:17]} {[%emt 00:00:15]} 32. b3 {[%clk 00:59:59]} {[%emt 00:00:13]}
Kd6 {[%clk 00:22:50]} {[%emt 00:01:57]} 33. Kf1 {[%clk 00:59:52]} {[%emt
00:00:36]} Kc5 {[%clk 00:18:04]} {[%emt 00:05:15]} 34. a3 {[%clk 00:58:19]}
{[%emt 00:02:02]} a5 {[%clk 00:14:02]} {[%emt 00:04:33]} 35. Ke2 {[%clk
00:56:41]} {[%emt 00:02:08]} Nc1+ {[%clk 00:13:39]} {[%emt 00:00:54]} 36. Kd2
{[%clk 00:55:30]} {[%emt 00:01:40]} Nxb3+ {[%clk 00:13:43]} {[%emt 00:00:27]}
37. Kc2 {[%clk 00:54:37]} {[%emt 00:01:23]} a4 {[%clk 00:12:15]} {[%emt
00:01:58]} 38. Be6 {[%clk 00:54:10]} {[%emt 00:00:58]} b4 {[%clk 00:08:28]}
{[%emt 00:04:17]} 39. Bxb3 {[%clk 00:53:06]} {[%emt 00:01:33]} axb3+ {[%clk
00:08:36]} {[%emt 00:00:23]} 40. Kxb3 {[%clk 00:53:24]} {[%emt 00:00:11]} bxa3
{[%clk 00:08:21]} {[%emt 00:00:45]} 41. Kxa3 {[%clk 00:53:34]} {[%emt
00:00:20]} Kc4 {[%clk 00:07:42]} {[%emt 00:01:10]} 42. Kb2 {[%clk 00:53:53]}
{[%emt 00:00:11]} Kd3 {[%clk 00:07:38]} {[%emt 00:00:34]} 43. Kc1 {[%clk
00:54:02]} {[%emt 00:00:20]} Ke2 {[%clk 00:07:42]} {[%emt 00:00:25]} 0-1

[Event "DVM U20w 2023"]
[Site "Magdeburg GER"]
[Date "2023.12.30"]
[Round "7"]
[White "Barthelmes, Venice"]
[Black "Gyácsok, Dzvinka"]
[Result "1/2-1/2"]
[Termination "normal"]
[Board "8.2"]
[WhiteElo "1436"]
[BlackElo "1565"]
[WhiteClock "00:22:50"]
[BlackClock "00:27:55"]
[WhiteTeam "SF Essen-Werden 1924/80"]
[BlackTeam "SF Birkenfeld"]
[PlyCount "115"]
[WhiteFideId "16261003"]
[BlackFideId "16298292"]
[EventCountry "GER"]
[EventRounds "7"]
[EventType "team-swiss"]
[EventDate "2023.12.26"]

1. e4 {[%clk 01:30:56]} {[%emt 00:00:02]} e5 {[%clk 01:30:55]} {[%emt
00:00:06]} 2. Nf3 {[%clk 01:31:21]} {[%emt 00:00:05]} Nc6 {[%clk 01:31:18]}
{[%emt 00:00:07]} 3. Bc4 {[%clk 01:31:44]} {[%emt 00:00:08]} Bc5 {[%clk
01:31:41]} {[%emt 00:00:06]} 4. O-O {[%clk 01:31:30]} {[%emt 00:00:43]} Nf6
{[%clk 01:31:53]} {[%emt 00:00:17]} 5. d3 {[%clk 01:31:38]} {[%emt 00:00:23]}
h6 {[%clk 01:31:49]} {[%emt 00:00:35]} 6. Re1 {[%clk 01:29:17]} {[%emt
00:02:52]} d6 {[%clk 01:30:32]} {[%emt 00:01:45]} 7. c3 {[%clk 01:28:26]}
{[%emt 00:01:22]} Bg4 {[%clk 01:29:37]} {[%emt 00:01:26]} 8. Nbd2 {[%clk
01:28:28]} {[%emt 00:00:26]} O-O {[%clk 01:29:02]} {[%emt 00:01:06]} 9. Nf1
{[%clk 01:27:15]} {[%emt 00:01:43]} Qd7 {[%clk 01:24:29]} {[%emt 00:05:04]} 10.
Ng3 {[%clk 01:21:09]} {[%emt 00:06:35]} Rfe8 {[%clk 01:20:12]} {[%emt
00:04:47]} 11. h3 {[%clk 01:17:45]} {[%emt 00:03:55]} Be6 {[%clk 01:19:28]}
{[%emt 00:01:13]} 12. Bxe6 {[%clk 01:17:22]} {[%emt 00:00:53]} fxe6 {[%clk
01:19:00]} {[%emt 00:00:58]} 13. Be3 {[%clk 01:12:15]} {[%emt 00:05:37]} Bxe3
{[%clk 01:14:19]} {[%emt 00:05:11]} 14. Rxe3 {[%clk 01:12:32]} {[%emt
00:00:14]} Rf8 {[%clk 01:13:58]} {[%emt 00:00:50]} 15. Nh2 {[%clk 01:11:08]}
{[%emt 00:01:54]} Ne7 {[%clk 01:10:56]} {[%emt 00:03:32]} 16. Nh5 {[%clk
01:05:54]} {[%emt 00:05:44]} Ng6 {[%clk 01:08:30]} {[%emt 00:02:56]} 17. Nxf6+
{[%clk 01:03:35]} {[%emt 00:02:49]} Rxf6 {[%clk 01:08:32]} {[%emt 00:00:28]}
18. Ng4 {[%clk 01:01:27]} {[%emt 00:02:38]} Rf7 {[%clk 01:07:02]} {[%emt
00:01:59]} 19. Rg3 {[%clk 00:59:21]} {[%emt 00:02:37]} Kh7 {[%clk 01:04:44]}
{[%emt 00:02:49]} 20. Ne3 {[%clk 00:51:11]} {[%emt 00:08:40]} Raf8 {[%clk
00:59:26]} {[%emt 00:05:48]} 21. f3 {[%clk 00:49:45]} {[%emt 00:01:56]} Nf4
{[%clk 00:54:12]} {[%emt 00:05:42]} 22. Qd2 {[%clk 00:42:26]} {[%emt 00:07:48]}
Qa4 {[%clk 00:44:15]} {[%emt 00:10:29]} 23. b3 {[%clk 00:40:15]} {[%emt
00:02:42]} Qa3 {[%clk 00:40:06]} {[%emt 00:04:40]} 24. Nc4 {[%clk 00:33:08]}
{[%emt 00:07:37]} Qa6 {[%clk 00:36:29]} {[%emt 00:04:07]} 25. Kh1 {[%clk
00:20:17]} {[%emt 00:13:20]} Qb5 {[%clk 00:27:59]} {[%emt 00:09:01]} 26. d4
{[%clk 00:18:18]} {[%emt 00:02:28]} exd4 {[%clk 00:25:33]} {[%emt 00:02:57]}
27. cxd4 {[%emt 00:03:07]} e5 {[%clk 00:21:42]} {[%emt 00:01:46]} 28. dxe5
{[%clk 00:17:45]} {[%emt 00:01:02]} dxe5 {[%clk 00:21:40]} {[%emt 00:00:30]}
29. Qa5 {[%clk 00:16:18]} {[%emt 00:01:57]} Qxa5 {[%clk 00:18:46]} {[%emt
00:03:25]} 30. Nxa5 {[%clk 00:16:42]} {[%emt 00:00:06]} b6 {[%clk 00:17:45]}
{[%emt 00:01:31]} 31. Nc6 {[%clk 00:16:57]} {[%emt 00:00:14]} Re8 {[%clk
00:12:43]} {[%emt 00:05:32]} 32. Nxa7 {[%clk 00:17:05]} {[%emt 00:00:21]} Rd7
{[%clk 00:12:18]} {[%emt 00:00:54]} 33. Nb5 {[%clk 00:14:59]} {[%emt 00:02:38]}
Red8 {[%clk 00:10:25]} {[%emt 00:02:23]} 34. Nc3 {[%clk 00:12:23]} {[%emt
00:03:05]} Rd3 {[%clk 00:08:32]} {[%emt 00:02:24]} 35. Nd5 {[%clk 00:10:28]}
{[%emt 00:02:26]} Nxd5 {[%clk 00:07:21]} {[%emt 00:01:42]} 36. exd5 {[%clk
00:10:52]} {[%emt 00:00:05]} R8xd5 {[%clk 00:07:23]} {[%emt 00:00:26]} 37. Rg4
{[%clk 00:10:36]} {[%emt 00:00:47]} Rd1+ {[%clk 00:04:52]} {[%emt 00:03:02]}
38. Rxd1 {[%clk 00:10:56]} {[%emt 00:00:10]} Rxd1+ {[%clk 00:05:16]} {[%emt
00:00:06]} 39. Kh2 {[%clk 00:11:13]} {[%emt 00:00:14]} Rd4 {[%clk 00:04:14]}
{[%emt 00:01:30]} 40. Rxd4 {[%clk 00:05:44]} {[%emt 00:05:59]} exd4 {[%clk
00:04:24]} {[%emt 00:00:21]} 41. Kg3 {[%clk 00:06:10]} {[%emt 00:00:04]} Kg6
{[%clk 00:04:01]} {[%emt 00:00:53]} 42. Kf4 {[%clk 00:06:26]} {[%emt 00:00:15]}
Kf6 {[%clk 00:04:05]} {[%emt 00:00:25]} 43. Ke4 {[%clk 00:06:36]} {[%emt
00:00:21]} c5 {[%clk 00:04:09]} {[%emt 00:00:26]} 44. b4 {[%clk 00:05:00]}
{[%emt 00:02:06]} Ke6 {[%clk 00:03:38]} {[%emt 00:01:02]} 45. bxc5 {[%clk
00:04:45]} {[%emt 00:00:44]} bxc5 {[%clk 00:03:57]} {[%emt 00:00:10]} 46. g4
{[%clk 00:03:40]} {[%emt 00:01:35]} Kd6 {[%clk 00:02:13]} {[%emt 00:02:15]} 47.
f4 {[%clk 00:00:51]} {[%emt 00:03:19]} Kc6 {[%clk 00:01:30]} {[%emt 00:01:13]}
48. a4 {[%clk 00:29:53]} {[%emt 00:01:27]} Kb6 {[%clk 00:28:56]} {[%emt
00:03:05]} 49. Kd3 {[%clk 00:28:35]} {[%emt 00:01:48]} Ka5 {[%clk 00:28:54]}
{[%emt 00:00:31]} 50. Kc4 {[%clk 00:28:49]} {[%emt 00:00:17]} Kxa4 {[%clk
00:28:38]} {[%emt 00:00:46]} 51. h4 {[%clk 00:27:18]} {[%emt 00:02:01]} Ka3
{[%clk 00:28:20]} {[%emt 00:00:48]} 52. g5 {[%clk 00:25:30]} {[%emt 00:02:18]}
Kb2 {[%clk 00:26:58]} {[%emt 00:01:53]} 53. gxh6 {[%clk 00:24:28]} {[%emt
00:01:31]} gxh6 {[%clk 00:26:58]} {[%emt 00:00:31]} 54. f5 {[%clk 00:24:19]}
{[%emt 00:00:39]} Kc2 {[%clk 00:27:00]} {[%emt 00:00:29]} 55. f6 {[%clk
00:24:16]} {[%emt 00:00:32]} d3 {[%clk 00:27:16]} {[%emt 00:00:13]} 56. f7
{[%clk 00:24:39]} {[%emt 00:00:09]} d2 {[%clk 00:27:38]} {[%emt 00:00:06]} 57.
f8=Q {[%clk 00:25:01]} {[%emt 00:00:09]} d1=Q {[%clk 00:27:55]} {[%emt
00:00:13]} 58. Qf5+ {[%clk 00:22:50]} {[%emt 00:02:41]} 1/2-1/2

[Event "DVM U20w 2023"]
[Site "Magdeburg GER"]
[Date "2023.12.30"]
[Round "7"]
[White "Fock, Amina"]
[Black "Kohl, Natalie"]
[Result "1-0"]
[Termination "normal"]
[Board "9.1"]
[WhiteElo "1865"]
[BlackElo "1504"]
[WhiteClock "00:54:36"]
[BlackClock "00:27:49"]
[WhiteTeam "SC Kreuzberg"]
[BlackTeam "Meuselwitzer SV"]
[PlyCount "75"]
[WhiteFideId "12981982"]
[BlackFideId "12967408"]
[EventCountry "GER"]
[EventRounds "7"]
[EventType "team-swiss"]
[EventDate "2023.12.26"]

1. e4 {[%clk 01:30:57]} {[%emt 00:00:02]} c5 {[%clk 01:30:03]} {[%emt
00:00:58]} 2. Nf3 {[%clk 01:31:22]} {[%emt 00:00:06]} d6 {[%clk 01:30:11]}
{[%emt 00:00:21]} 3. d4 {[%clk 01:31:47]} {[%emt 00:00:06]} cxd4 {[%clk
01:30:21]} {[%emt 00:00:19]} 4. Nxd4 {[%clk 01:32:10]} {[%emt 00:00:07]} Nf6
{[%clk 01:30:20]} {[%emt 00:00:30]} 5. f3 {[%clk 01:32:34]} {[%emt 00:00:06]}
a6 {[%clk 01:30:25]} {[%emt 00:00:26]} 6. c4 {[%clk 01:32:54]} {[%emt
00:00:09]} Nc6 {[%clk 01:29:15]} {[%emt 00:01:41]} 7. Nc3 {[%clk 01:32:29]}
{[%emt 00:00:54]} Nxd4 {[%clk 01:27:01]} {[%emt 00:02:43]} 8. Qxd4 {[%clk
01:32:52]} {[%emt 00:00:07]} e5 {[%clk 01:27:17]} {[%emt 00:00:15]} 9. Qf2
{[%clk 01:27:08]} {[%emt 00:06:13]} Be6 {[%clk 01:25:25]} {[%emt 00:02:22]} 10.
Be3 {[%clk 01:26:55]} {[%emt 00:00:43]} Qc8 {[%clk 01:24:39]} {[%emt 00:01:17]}
11. Na4 {[%clk 01:20:19]} {[%emt 00:07:06]} Nd7 {[%clk 01:24:12]} {[%emt
00:00:56]} 12. Rc1 {[%clk 01:19:08]} {[%emt 00:01:41]} Be7 {[%clk 01:14:50]}
{[%emt 00:09:52]} 13. Be2 {[%clk 01:15:56]} {[%emt 00:03:42]} Qb8 {[%clk
01:05:17]} {[%emt 00:10:04]} 14. Nc3 {[%clk 01:14:28]} {[%emt 00:01:58]} O-O
{[%clk 01:00:25]} {[%emt 00:05:22]} 15. O-O {[%clk 01:14:05]} {[%emt 00:00:53]}
Rc8 {[%clk 01:00:00]} {[%emt 00:00:55]} 16. b3 {[%clk 01:13:13]} {[%emt
00:01:21]} Bd8 {[%clk 00:57:13]} {[%emt 00:03:17]} 17. Rfd1 {[%clk 01:10:27]}
{[%emt 00:03:16]} Ba5 {[%clk 00:55:32]} {[%emt 00:02:13]} 18. Nd5 {[%clk
01:10:14]} {[%emt 00:00:43]} Bxd5 {[%clk 00:53:57]} {[%emt 00:02:04]} 19. Rxd5
{[%clk 01:10:27]} {[%emt 00:00:16]} Bd8 {[%clk 00:52:43]} {[%emt 00:01:44]} 20.
Rcd1 {[%clk 01:09:33]} {[%emt 00:01:24]} Rc6 {[%clk 00:52:49]} {[%emt
00:00:24]} 21. c5 {[%clk 01:03:05]} {[%emt 00:06:58]} Bc7 {[%clk 00:51:36]}
{[%emt 00:01:43]} 22. b4 {[%clk 01:02:01]} {[%emt 00:01:35]} b6 {[%clk
00:50:52]} {[%emt 00:01:14]} 23. b5 {[%clk 01:02:06]} {[%emt 00:00:25]} Rxc5
{[%clk 00:50:12]} {[%emt 00:01:09]} 24. Bxc5 {[%clk 01:02:26]} {[%emt
00:00:10]} bxc5 {[%clk 00:48:51]} {[%emt 00:01:52]} 25. bxa6 {[%clk 01:02:24]}
{[%emt 00:00:31]} Nf6 {[%clk 00:47:37]} {[%emt 00:01:42]} 26. R5d2 {[%clk
01:02:09]} {[%emt 00:00:46]} c4 {[%clk 00:44:24]} {[%emt 00:03:45]} 27. Kh1
{[%clk 01:01:57]} {[%emt 00:00:42]} c3 {[%clk 00:41:02]} {[%emt 00:03:51]} 28.
Rc2 {[%clk 01:01:34]} {[%emt 00:00:53]} Bb6 {[%clk 00:39:56]} {[%emt 00:01:36]}
29. Qf1 {[%clk 01:01:04]} {[%emt 00:01:00]} Bd4 {[%clk 00:38:53]} {[%emt
00:01:32]} 30. Rb1 {[%clk 01:00:43]} {[%emt 00:00:52]} Qd8 {[%clk 00:38:30]}
{[%emt 00:00:52]} 31. Bc4 {[%clk 00:58:17]} {[%emt 00:02:56]} d5 {[%clk
00:35:41]} {[%emt 00:03:20]} 32. exd5 {[%clk 00:58:25]} {[%emt 00:00:23]} Nxd5
{[%clk 00:35:56]} {[%emt 00:00:14]} 33. Bxd5 {[%clk 00:58:16]} {[%emt
00:00:39]} Qxd5 {[%clk 00:36:21]} {[%emt 00:00:04]} 34. Qd3 {[%clk 00:57:24]}
{[%emt 00:01:23]} f5 {[%clk 00:31:13]} {[%emt 00:05:39]} 35. Qxf5 {[%clk
00:56:06]} {[%emt 00:01:46]} Rf8 {[%clk 00:31:31]} {[%emt 00:00:13]} 36. Qd3
{[%clk 00:55:12]} {[%emt 00:01:23]} e4 {[%clk 00:27:35]} {[%emt 00:04:27]} 37.
fxe4 {[%clk 00:54:19]} {[%emt 00:01:23]} Qf7 {[%clk 00:27:49]} {[%emt
00:00:14]} 38. Qxd4 {[%clk 00:54:36]} {[%emt 00:00:15]} 1-0

[Event "DVM U20w 2023"]
[Site "Magdeburg GER"]
[Date "2023.12.30"]
[Round "7"]
[White "Mai, Mariella"]
[Black "Mazurtsova, Margarita"]
[Result "1/2-1/2"]
[Termination "normal"]
[Board "9.2"]
[WhiteElo "1667"]
[BlackElo "1682"]
[WhiteClock "00:04:42"]
[BlackClock "00:49:44"]
[WhiteTeam "Meuselwitzer SV"]
[BlackTeam "SC Kreuzberg"]
[PlyCount "71"]
[WhiteFideId "16281780"]
[BlackFideId "14188961"]
[EventCountry "GER"]
[EventRounds "7"]
[EventType "team-swiss"]
[EventDate "2023.12.26"]

1. Nf3 {[%clk 01:30:55]} {[%emt 00:00:04]} e6 {[%clk 01:30:49]} {[%emt
00:00:10]} 2. g3 {[%clk 01:30:30]} {[%emt 00:00:56]} Nf6 {[%clk 01:31:04]}
{[%emt 00:00:14]} 3. Bg2 {[%clk 01:30:34]} {[%emt 00:00:27]} d5 {[%clk
01:31:27]} {[%emt 00:00:07]} 4. d4 {[%clk 01:29:30]} {[%emt 00:01:35]} Be7
{[%clk 01:31:29]} {[%emt 00:00:25]} 5. O-O {[%clk 01:29:20]} {[%emt 00:00:42]}
O-O {[%clk 01:31:39]} {[%emt 00:00:19]} 6. c3 {[%clk 01:26:54]} {[%emt
00:02:56]} c5 {[%clk 01:29:53]} {[%emt 00:02:17]} 7. Re1 {[%clk 01:22:14]}
{[%emt 00:05:11]} Nc6 {[%clk 01:29:32]} {[%emt 00:00:49]} 8. Bg5 {[%clk
01:12:23]} {[%emt 00:10:21]} Ne4 {[%clk 01:27:13]} {[%emt 00:02:50]} 9. Bxe7
{[%clk 01:09:37]} {[%emt 00:03:15]} Qxe7 {[%clk 01:26:19]} {[%emt 00:01:24]}
10. e3 {[%clk 01:09:46]} {[%emt 00:00:22]} b6 {[%clk 01:26:07]} {[%emt
00:00:43]} 11. Nbd2 {[%clk 01:09:06]} {[%emt 00:01:10]} Nxd2 {[%clk 01:23:51]}
{[%emt 00:02:45]} 12. Qxd2 {[%clk 01:08:24]} {[%emt 00:01:13]} Bb7 {[%clk
01:24:07]} {[%emt 00:00:13]} 13. Rad1 {[%clk 01:01:51]} {[%emt 00:07:04]} Rac8
{[%clk 01:20:32]} {[%emt 00:04:04]} 14. Rc1 {[%clk 00:45:12]} {[%emt 00:17:10]}
Rc7 {[%clk 01:16:59]} {[%emt 00:04:02]} 15. dxc5 {[%clk 00:38:12]} {[%emt
00:07:30]} bxc5 {[%clk 01:16:41]} {[%emt 00:00:48]} 16. c4 {[%clk 00:34:02]}
{[%emt 00:04:40]} Rd8 {[%clk 01:14:25]} {[%emt 00:02:45]} 17. cxd5 {[%clk
00:34:02]} {[%emt 00:00:31]} exd5 {[%clk 01:14:36]} {[%emt 00:00:19]} 18. Qc3
{[%clk 00:33:19]} {[%emt 00:01:13]} Nb8 {[%clk 01:13:32]} {[%emt 00:01:34]} 19.
Nd4 {[%clk 00:31:41]} {[%emt 00:02:08]} Ba6 {[%clk 01:07:47]} {[%emt 00:06:15]}
20. e4 {[%clk 00:22:04]} {[%emt 00:10:07]} dxe4 {[%clk 01:03:24]} {[%emt
00:04:53]} 21. Rxe4 {[%clk 00:20:32]} {[%emt 00:02:04]} Qf6 {[%clk 01:01:53]}
{[%emt 00:02:00]} 22. Ne2 {[%clk 00:16:48]} {[%emt 00:04:14]} Qxc3 {[%clk
01:01:32]} {[%emt 00:00:52]} 23. Nxc3 {[%clk 00:16:56]} {[%emt 00:00:22]} g6
{[%clk 01:00:51]} {[%emt 00:01:10]} 24. Bf1 {[%clk 00:14:49]} {[%emt 00:02:38]}
Bxf1 {[%clk 01:00:22]} {[%emt 00:00:59]} 25. Kxf1 {[%clk 00:15:06]} {[%emt
00:00:12]} Nd7 {[%clk 00:59:10]} {[%emt 00:01:42]} 26. Rd1 {[%clk 00:13:17]}
{[%emt 00:02:19]} Rcc8 {[%clk 00:58:22]} {[%emt 00:01:17]} 27. Re7 {[%clk
00:12:57]} {[%emt 00:00:51]} Nb6 {[%clk 00:56:32]} {[%emt 00:02:20]} 28. Rxd8+
{[%clk 00:12:26]} {[%emt 00:01:01]} Rxd8 {[%clk 00:56:54]} {[%emt 00:00:06]}
29. Rxa7 {[%clk 00:12:45]} {[%emt 00:00:12]} Nc4 {[%clk 00:56:48]} {[%emt
00:00:36]} 30. b3 {[%clk 00:12:47]} {[%emt 00:00:29]} Ne5 {[%clk 00:56:52]}
{[%emt 00:00:26]} 31. Ne4 {[%clk 00:11:45]} {[%emt 00:01:32]} c4 {[%clk
00:56:14]} {[%emt 00:01:09]} 32. bxc4 {[%clk 00:11:33]} {[%emt 00:00:42]} Nxc4
{[%clk 00:56:35]} {[%emt 00:00:08]} 33. a4 {[%clk 00:11:07]} {[%emt 00:00:56]}
Rd4 {[%clk 00:55:49]} {[%emt 00:01:14]} 34. Ng5 {[%clk 00:09:34]} {[%emt
00:02:05]} Ne5 {[%clk 00:53:40]} {[%emt 00:02:36]} 35. Kg2 {[%clk 00:06:30]}
{[%emt 00:03:37]} Nd7 {[%clk 00:49:44]} {[%emt 00:04:23]} 36. Nf3 {[%clk
00:04:42]} {[%emt 00:02:21]} 1/2-1/2